Los fichajes más caros del fútbol - Pivotes - Temporada 2010-2011 - Estadísticas

Estadísticas generales
  • Esta prueba ha sido intentada 15 veces
  • La puntuación promedio es 2 de 10
Estadísticas de respuestas
Coste (M €) Nacionalidad Último club Nuevo club Jugador % Correcto
20,00 Argentina Liverpool FC Barcelona Javier Mascherano
100%
17,00 Brasil Hoffenheim Bayern Múnich Luiz Gustavo
43%
5,48 Dinamarca Juventus Liverpool Christian Poulsen
14%
5,50 Turquía Galatasaray Valencia CF Mehmet Topal
7%
5,50 Serbia Hertha Berlín Hamburgo Gojko Kacar
0%
6,20 Camerún Lyon Aston Villa Jean Makoun
0%
10,00 Brasil Corinthians Anzhi Jucilei
0%
4,50 Albania Sunderland Galatasaray Lorik Cana
0%
9,00 Portugal Sporting Lisboa Génova Miguel Veloso
0%
10,00 Brasil Internacional Tottenham Sandro
0%
No se encontraron pruebas coincidentes
Distribución de puntuación
Porcentaje de gente con cada puntuación
Porcentaje por número respondido
Historial de tus puntuaciones
No has intentado esta prueba.